Arrow Puzzle #3 - Sudden Death - Statistics

General Stats
  • This quiz has been taken 13,239 times
  • The average score is 45 of 60
Answers on the Grid
Answers color-coded by a green-red scale on the quiz's grid according to % correct below.
 
Answer Stats
Answer % Correct
93%
93%
85%
83%
83%
83%
80%
80%
80%
79%
79%
79%
77%
77%
76%
76%
76%
75%
75%
75%
75%
75%
75%
74%
74%
74%
74%
74%
74%
74%
73%
73%
73%
73%
73%
73%
73%
72%
72%
72%
72%
72%
71%
71%
71%
71%
71%
70%
70%
70%
70%
70%
70%
69%
69%
69%
68%
66%
65%
64%
No matching quizzes found
Score Distribution
Percent of People with Each Score
Percentile by Number Answered
Your Score History
You have not taken this quiz